Second book of food and nutrition, (Record no. 959)
[ view plain ]
| 000 -LEADER | |
|---|---|
| fixed length control field | 00601nam a2200205 4500 |
| 001 - CONTROL NUMBER | |
| control field | 3713119 |
| 005 - DATE AND TIME OF LATEST TRANSACTION | |
| control field | 20241109141714.0 |
| 008 - FIXED-LENGTH DATA ELEMENTS--GENERAL INFORMATION | |
| fixed length control field | 700903s1968 enka b 001 0 eng |
| 020 ## - INTERNATIONAL STANDARD BOOK NUMBER | |
| International Standard Book Number | 0901762482 |
| 050 00 - LIBRARY OF CONGRESS CALL NUMBER | |
| Classification number | TX353 |
| Item number | .M37 MAT |
| 082 00 - DEWEY DECIMAL CLASSIFICATION NUMBER | |
| Classification number | 613.2 |
| 100 1# - MAIN ENTRY--PERSONAL NAME | |
| Personal name | Matthews, Wendy. |
| 245 10 - TITLE STATEMENT | |
| Title | Second book of food and nutrition, |
| Statement of responsibility, etc. | by Wendy Matthews and Dilys Wells. |
| 260 ## - PUBLICATION, DISTRIBUTION, ETC. | |
| Place of publication, distribution, etc. | London, |
| Name of publisher, distributor, etc. | 'Home Economics and Domestic Subjects Review', |
| Date of publication, distribution, etc. | 1982. |
| 300 ## - PHYSICAL DESCRIPTION | |
| Extent | [7], x, 223 p. |
| Other physical details | illus. |
| Dimensions | 22 cm. |
| 650 #0 - SUBJECT ADDED ENTRY--TOPICAL TERM | |
| Topical term or geographic name entry element | Food. |
| 650 #0 - SUBJECT ADDED ENTRY--TOPICAL TERM | |
| Topical term or geographic name entry element | Nutrition. |
| 700 1# - ADDED ENTRY--PERSONAL NAME | |
| Personal name | Wells, Dilys, |
| Relator term | joint author. |
| 942 ## - ADDED ENTRY ELEMENTS (KOHA) | |
| Source of classification or shelving scheme | Library of Congress Classification |
| Koha item type | Books |
| Suppress in OPAC | No |
| 999 ## - | |
| -- | 959 |
| -- | 959 |
| Withdrawn status | Lost status | Source of classification or shelving scheme | Damaged status | Not for loan | Collection | Home library | Current library | Shelving location | Date acquired | Total checkouts | Full call number | Barcode | Date last seen | Copy number | Price effective from | Koha item type |
|---|---|---|---|---|---|---|---|---|---|---|---|---|---|---|---|---|
| Library of Congress Classification | Non-fiction | Science Library (Miotso) | Science Library (Miotso) | General stacks | 11/06/2025 | TX353.M37 MAT | SLM00005532 | 11/06/2025 | 1 | 11/06/2025 | Books | |||||
| Library of Congress Classification | Non-fiction | Science Library (Miotso) | Science Library (Miotso) | General stacks | 11/06/2025 | TX353.M37 MAT | SLM00005533 | 11/06/2025 | 2 | 11/06/2025 | Books | |||||
| Library of Congress Classification | Non-fiction | Science Library (Miotso) | Science Library (Miotso) | General stacks | 11/06/2025 | TX353.M37 MAT | SLM00005534 | 11/06/2025 | 3 | 11/06/2025 | Books | |||||
| Library of Congress Classification | Non-fiction | Undergraduate Library (Christ Temple) | Undergraduate Library (Christ Temple) | General stacks | 11/09/2024 | TX353.M37 | ulct00000247 | 11/09/2024 | 1 | 11/09/2024 | Books |